00566nam a22001817a 4500003000400000008004100004020001800045082001800063100000900081245013900090260003300229300001200262365003000274650002000304650001400324650002500338650002100363OSt260629b |||||||| |||| 00| 0 eng d a9781668463963 a370.113bI43R aIRMA aResearch Anthology on Vocational Education and Preparing Future Workers / cby Information Resources Management Association; volume- l a.- USAb: IGI Globalc, 2022 ax,451p. e2vol. set price- 50374.35 aSocial Sciences aEducation aVocational Education aCareer Education